Giáo trình Đọc - ghi nhạc Sách dành cho cao đẳng Sư phạm T.3 Giáo trình Đọc - ghi nhạc
Trình bày những vấn đề về củng cố và hoàn thiện các bài mang tính kĩ thuật về đọc và ghi nhạc, các bài tập nâng cao kĩ năng đọc và ghi nhạc
Сохранить в:
| Главный автор: | |
|---|---|
| Другие авторы: | |
| Формат: | |
| Язык: | Vietnamese |
| Опубликовано: |
H.
Đại học Sư phạm
2007
|
| Предметы: | |
| Метки: |
Добавить метку
Нет меток, Требуется 1-ая метка записи!
|
| Thư viện lưu trữ: | Mạng thư viện Đại học Đà Nẵng |
|---|
| LEADER | 01609nam a2200409 4500 | ||
|---|---|---|---|
| 001 | 000009665 | ||
| 003 | 5862 | ||
| 005 | 20111031131005.0 | ||
| 008 | 111031s2007 viesd | ||
| 020 | |c 0đ | ||
| 041 | 0 | |a vie | |
| 082 | |a 781.4 |b PH-V | ||
| 100 | 0 | |a Phạm Thanh Vân |e Tác giả | |
| 245 | 1 | 0 | |a Giáo trình Đọc - ghi nhạc |b Sách dành cho cao đẳng Sư phạm |c Phạm Thanh Vân, Nguyễn Hoành Thông |n T.3 |p Giáo trình Đọc - ghi nhạc |
| 260 | |a H. |b Đại học Sư phạm |c 2007 | ||
| 300 | |a 128tr |c 24cm | ||
| 500 | |a Bộ Giáo dục và Đào tạo. Dự án Đào tạo Giáo viên THCS | ||
| 504 | |a Thư mục: tr. 127 | ||
| 520 | |a Trình bày những vấn đề về củng cố và hoàn thiện các bài mang tính kĩ thuật về đọc và ghi nhạc, các bài tập nâng cao kĩ năng đọc và ghi nhạc | ||
| 653 | |a Âm nhạc | ||
| 653 | |a Tiết tấu | ||
| 653 | |a Ghi nhạc | ||
| 653 | |a Giáo trình | ||
| 700 | |a Phạm Thanh Vân |e Tác giả | ||
| 700 | |a Nguyễn Hoành Thông |e Tác giả | ||
| 773 | |t Giáo trình Đọc - Ghi nhạc |w 5861 | ||
| 910 | |a duyên | ||
| OWN | |a LSP | ||
| AVA | |a UDN50 |b LSP |d 781.4 PH-V |e available |t Error 5001 Not defined in file expand_doc_bib_avail. |f 10 |g 0 |h N |i 0 |k 1 | ||
| 999 | |a From the UDN01 | ||
| AVA | |a UDN50 |b LSP |d 781.4 PH-V |e available |t Error 5001 Not defined in file expand_doc_bib_avail. |f 10 |g 0 |h N |i 0 |k 1 | ||
| TYP | |a Monograph | ||
| TYP | |a Printed language | ||
| 980 | |a Mạng thư viện Đại học Đà Nẵng | ||